Anales del Colegio de Abogados. (Registro nro. 36616)
[ vista simple ]
| 000 -CABECERA | |
|---|---|
| campo de control de longitud fija | 01231nas a2200289 a 4500 |
| 001 - NÚMERO DE CONTROL | |
| campo de control | 000037126 |
| 003 - IDENTIFICADOR DEL NÚMERO DE CONTROL | |
| campo de control | DO-SdBNP |
| 005 - FECHA Y HORA DE LA ÚLTIMA TRANSACCIÓN | |
| campo de control | 20200809110125.0 |
| 008 - DATOS DE LONGITUD FIJA--INFORMACIÓN GENERAL | |
| campo de control de longitud fija | 110321c19109999dr ar1pdd 0 z0spa d |
| 040 ## - FUENTE DE LA CATALOGACIÓN | |
| Centro catalogador/agencia de origen | DO-SdBNP |
| Lengua de catalogación | spa |
| Centro/agencia transcriptor | DO-SdBNP |
| 043 ## - CÓDIGO DE ÁREA GEOGRÁFICA | |
| Código de área geográfica | nwdr |
| 110 0# - ENTRADA PRINCIPAL--NOMBRE DE ENTIDAD CORPORATIVA | |
| Nombre de entidad corporativa o nombre de jurisdicción como elemento de entrada | Colegio de Abogados de Santo Domingo |
| 9 (RLIN) | 63532 |
| 222 #0 - TÍTULO CLAVE | |
| Título clave | Anales del Colegio de Abogados |
| 245 00 - MENCIÓN DE TÍTULO | |
| Título | Anales del Colegio de Abogados. |
| 260 ## - PUBLICACIÓN, DISTRIBUCIÓN, ETC. | |
| Lugar de publicación, distribución, etc. | Santo Domingo, República Dominicana : |
| Nombre del editor, distribuidor, etc. | Colegio de Abogados de Santo Domingo, |
| Fecha de publicación, distribución, etc. | 1910-. |
| 300 ## - DESCRIPCIÓN FÍSICA | |
| Extensión | v. : ; |
| Dimensiones | 26 cm. |
| 310 ## - PERIODICIDAD ACTUAL | |
| Periodicidad actual | Anual |
| 362 0# - FECHAS DE PUBLICACIÓN Y/O DESIGNACIÓN SECUENCIAL | |
| Fecha de publicación y/o designación secuencial | Inicia con: (1910). |
| 500 ## - NOTA GENERAL | |
| Nota general | Descripción basada en: (1910). |
| 610 24 - PUNTO DE ACCESO ADICIONAL DE MATERIA--NOMBRE DE ENTIDAD CORPORATIVA | |
| Nombre de entidad corporativa o nombre de jurisdicción como elemento de entrada | COLEGIO DE ABOGADOS DE SANTO DOMINGO(REPÚBLICA DOMINICANA) |
| Subdivisión de forma | PUBLICACIONES PERIÓDICAS |
| 9 (RLIN) | 63533 |
| 650 24 - PUNTO DE ACCESO ADICIONAL DE MATERIA--TÉRMINO DE MATERIA | |
| Término de materia o nombre geográfico como elemento de entrada | Ley de sociedades |
| Subdivisión geográfica | República Dominicana |
| Subdivisión de forma | PUBLICACIONES PERIÓDICAS |
| 9 (RLIN) | 63534 |
| 650 24 - PUNTO DE ACCESO ADICIONAL DE MATERIA--TÉRMINO DE MATERIA | |
| Término de materia o nombre geográfico como elemento de entrada | Leyes |
| Subdivisión general | Informes, resúmenes, etc. |
| Subdivisión geográfica | República Dominicana |
| Subdivisión de forma | PUBLICACIONES PERIÓDICAS |
| 9 (RLIN) | 63535 |
| 650 24 - PUNTO DE ACCESO ADICIONAL DE MATERIA--TÉRMINO DE MATERIA | |
| Término de materia o nombre geográfico como elemento de entrada | Derecho |
| Subdivisión geográfica | República Dominicana |
| Subdivisión de forma | PUBLICACIONES PERIÓDICAS |
| 9 (RLIN) | 31812 |
| 656 #7 - TÉRMINO DE INDIZACIÓN--PROFESIÓN/OCUPACIÓN | |
| Ocupación | ABOGADOS |
| Subdivisión geográfica | REPÚBLICA DOMINICANA |
| Subdivisión de forma | PUBLICACIONES PERIÓDICAS |
| 651 #4 - PUNTO DE ACCESO ADICIONAL DE MATERIA--NOMBRE GEOGRÁFICO | |
| Nombre geográfico | República Dominicana |
| Subdivisión de forma | PUBLICACIONES PERIÓDICAS |
| 9 (RLIN) | 25092 |
| 710 2# - PUNTO DE ACCESO ADICIONAL--NOMBRE DE ENTIDAD CORPORATIVA | |
| Nombre de entidad corporativa o nombre de jurisdicción como elemento de entrada | Colegio de Abogados de Santo Domingo |
| 9 (RLIN) | 63532 |
No hay ítems disponibles.
